| 000 | 00424cam a2200169ua 4500 | ||
|---|---|---|---|
| 001 | 5919 | ||
| 008 | 131026n ii |||gr||||Z||||||eng | ||
| 040 | _cMAIN | ||
| 082 | _a941 | ||
| 100 |
_aRoy, _eEditor. |
||
| 245 |
_aHistory Of Great Britain _b(1688-1919) |
||
| 260 |
_aCalcutta: _bModern Publishing Co. |
||
| 653 | _aBritish Isles | ||
| 653 | _aHistory Of Great Britain | ||
| 700 |
_aChakravarti., _eEditor. |
||
| 942 | _cBK | ||
| 999 |
_c5073 _d5073 |
||